000 00634nam a22001937a 4500
005 20250310144726.0
010 _aENG-144069
020 _c1195.00
_a9789383181940
035 _aEN-127601
037 _bDBAD
082 _a305.80954
_21
100 _aShah, Ravikant
_979475
245 _aThe Adivasi People:
_bIssues in Law Forest and Livelihood/
_cBy Ravikant Shah
250 _a1
260 _aNew Delhi
_bGlobal Publivction
_c2022
270 _a4378/4B, G4 JMD House, Murrari Lal Street, Ansari Road, Daryaganj
_bNew Delhi
_e110002
_k23278062
300 _a264p.
_c22cm (hb)
942 _2ddc
_cEN
_mSHA
_h305.80954
999 _c210202
_d210202